[Event "MP do lat 18 - dziewczeta"]
[Site "Sypniewo"]
[Date "2022.03.24"]
[Round "6.5"]
[White "Sloniewska, Alicja"]
[Black "Czarnecka, Lidia"]
[Result "0-1"]
[BlackElo "1978"]
[WhiteElo "1700"]
[LiveChessVersion "1.4.8"]

1. d4 {[%clk 1:30:56]} d5 {[%clk 1:30:14]} 2. c4 {[%clk 1:31:03]} c6
{[%clk 1:30:20]} 3. cxd5 {[%clk 1:31:10]} cxd5 {[%clk 1:30:36]} 4. Nc3
{[%clk 1:31:27]} Nf6 {[%clk 1:28:36]} 5. Bf4 {[%clk 1:31:01]} Nc6
{[%clk 1:26:39]} 6. e3 {[%clk 1:30:53]} Bf5 {[%clk 1:22:41]} 7. Qb3
{[%clk 1:30:22]} Na5 {[%clk 1:18:02]} 8. Qa4+ {[%clk 1:30:22]} Bd7
{[%clk 1:17:51]} 9. Qc2 {[%clk 1:30:30]} Rc8 {[%clk 1:11:14]} 10. Bd3
{[%clk 1:28:27]} e6 {[%clk 1:07:02]} 11. Nf3 {[%clk 1:27:46]} Be7
{[%clk 1:06:32]} 12. O-O {[%clk 1:27:43]} O-O {[%clk 1:06:31]} 13. Ne5
{[%clk 1:26:17]} h6 {[%clk 1:03:33]} 14. h3 {[%clk 1:25:49]} a6 {[%clk 1:02:31]}
15. Rfc1 {[%clk 1:21:11]} b5 {[%clk 0:56:55]} 16. Qe2 {[%clk 1:16:28]} Bb4
{[%clk 0:48:12]} 17. Nd1 {[%clk 1:05:23]} Qe7 {[%clk 0:41:48]} 18. f3
{[%clk 0:58:38]} Rfd8 {[%clk 0:32:48]} 19. Nf2 {[%clk 0:52:38]} Nc4
{[%clk 0:26:52]} 20. Rc2 {[%clk 0:43:13]} Nxe5 {[%clk 0:16:39]} 21. Bxe5
{[%clk 0:35:46]} Nh7 {[%clk 0:16:08]} 22. Rac1 {[%clk 0:33:59]} Nf8
{[%clk 0:16:18]} 23. Bc7 {[%clk 0:30:06]} Re8 {[%clk 0:16:37]} 24. Ng4
{[%clk 0:27:58]} Bd6 {[%clk 0:14:06]} 25. Bxd6 {[%clk 0:24:01]} Qxd6
{[%clk 0:14:29]} 26. Ne5 {[%clk 0:23:52]} f6 {[%clk 0:11:32]} 27. Nxd7
{[%clk 0:21:08]} Qxd7 {[%clk 0:11:58]} 28. a4 {[%clk 0:19:40]} bxa4
{[%clk 0:11:54]} 29. Bxa6 {[%clk 0:17:53]} Rxc2 {[%clk 0:12:23]} 30. Qxc2
{[%clk 0:16:37]} Rb8 {[%clk 0:12:38]} 31. Ra1 {[%clk 0:15:58]} Rb4
{[%clk 0:12:39]} 32. Ra3 {[%clk 0:12:50]} f5 {[%clk 0:10:39]} 33. Rc3
{[%clk 0:11:10]} f4 {[%clk 0:06:20]} 34. Rc8 {[%clk 0:09:06]} Qf7
{[%clk 0:06:05]} 35. Kf2 {[%clk 0:05:15]} fxe3+ {[%clk 0:05:12]} 36. Kxe3
{[%clk 0:05:38]} Qf6 {[%clk 0:04:37]} 37. Qd2 {[%clk 0:03:20]} Qg5+
{[%clk 0:04:47]} 38. Ke2 {[%clk 0:02:50]} Qxg2+ {[%clk 0:04:53]} 39. Ke1
{[%clk 0:02:55]} Rxb2 {[%clk 0:03:52]} 40. Qxg2 {[%clk 0:30:32]} Rxg2
{[%clk 0:34:12]} 41. Be2 {[%clk 0:29:29]} Rh2 {[%clk 0:30:33]} 42. Ra8
{[%clk 0:29:24]} Rxh3 {[%clk 0:30:54]} 43. Rxa4 {[%clk 0:29:49]} Ng6
{[%clk 0:28:48]} 44. Kf2 {[%clk 0:28:29]} Kf7 {[%clk 0:28:51]} 45. Kg2
{[%clk 0:26:04]} Nf4+ {[%clk 0:29:15]} 46. Kf2 {[%clk 0:25:39]} Rh2+
{[%clk 0:27:04]} 47. Kg3 {[%clk 0:25:46]} Rxe2 {[%clk 0:27:26]} 48. Kxf4
{[%clk 0:26:12]} g5+ {[%clk 0:27:38]} 49. Kg3 {[%clk 0:26:07]} h5
{[%clk 0:27:41]} 50. Ra7+ {[%clk 0:26:12]} Kf6 {[%clk 0:28:06]} 51. Ra8
{[%clk 0:26:37]} Rd2 {[%clk 0:27:11]} 52. Rf8+ {[%clk 0:26:51]} Kg7
{[%clk 0:27:33]} 53. Re8 {[%clk 0:27:15]} Kf7 {[%clk 0:27:58]} 54. Rh8
{[%clk 0:27:37]} h4+ {[%clk 0:27:47]} 55. Kg4 {[%clk 0:27:55]} Rg2+
{[%clk 0:28:12]} 56. Kh5 {[%clk 0:27:51]} h3 {[%clk 0:28:11]} 57. Rh7+
{[%clk 0:28:18]} Kf6 {[%clk 0:27:42]} 58. Rh6+ {[%clk 0:28:43]} Kg7
{[%clk 0:25:42]} 59. Rg6+ {[%clk 0:28:32]} Kf7 {[%clk 0:26:02]} 0-1

[Event "MP do lat 18 - dziewczeta"]
[Site "Sypniewo"]
[Date "2022.03.24"]
[Round "6.6"]
[White "Anyz, Monika"]
[Black "Kroliczek, Gabriela"]
[Result "0-1"]
[BlackElo "1823"]
[WhiteElo "1651"]
[LiveChessVersion "1.4.8"]

1. e4 {[%clk 1:30:58]} e5 {[%clk 1:30:56]} 2. Nf3 {[%clk 1:31:23]} Nc6
{[%clk 1:31:23]} 3. d4 {[%clk 1:31:46]} exd4 {[%clk 1:31:49]} 4. Bc4
{[%clk 1:32:11]} Bc5 {[%clk 1:32:17]} 5. c3 {[%clk 1:32:31]} Nf6 {[%clk 1:32:39]}
6. e5 {[%clk 1:32:52]} d5 {[%clk 1:33:06]} 7. Bb5 {[%clk 1:33:16]} Ne4
{[%clk 1:33:32]} 8. cxd4 {[%clk 1:33:06]} Bb6 {[%clk 1:33:59]} 9. Nc3
{[%clk 1:32:03]} O-O {[%clk 1:34:19]} 10. Be3 {[%clk 1:30:27]} Bg4
{[%clk 1:33:37]} 11. Qc2 {[%clk 1:26:31]} Nxc3 {[%clk 1:31:32]} 12. bxc3
{[%clk 1:26:30]} f6 {[%clk 1:31:49]} 13. Bd3 {[%clk 1:21:04]} fxe5
{[%clk 1:08:41]} 14. Bxh7+ {[%clk 0:55:03]} Kh8 {[%clk 1:09:08]} 15. h3
{[%clk 0:51:51]} Bxf3 {[%clk 0:59:49]} 16. gxf3 {[%clk 0:51:40]} Qh4
{[%clk 1:00:13]} 17. Bg6 {[%clk 0:42:16]} exd4 {[%clk 0:54:55]} 18. cxd4
{[%clk 0:41:07]} Nxd4 {[%clk 0:47:10]} 19. Bxd4 {[%clk 0:39:31]} Bxd4
{[%clk 0:47:31]} 20. O-O-O {[%clk 0:29:13]} Rxf3 {[%clk 0:46:44]} 21. Qd2
{[%clk 0:27:35]} Bf6 {[%clk 0:33:42]} 22. Qxd5 {[%clk 0:23:34]} Bg5+
{[%clk 0:33:43]} 23. Kc2 {[%clk 0:21:30]} Qa4+ {[%clk 0:33:45]} 0-1

[Event "MP do lat 18 - dziewczeta"]
[Site "Sypniewo"]
[Date "2022.03.24"]
[Round "6.7"]
[White "Kulpa, Karolina"]
[Black "Mirowska, Oliwia"]
[Result "0-1"]
[BlackElo "1738"]
[WhiteElo "1406"]
[LiveChessVersion "1.4.8"]

1. d4 {[%clk 1:30:58]} d6 {[%clk 1:30:55]} 2. e4 {[%clk 1:31:09]} g6
{[%clk 1:31:05]} 3. c4 {[%clk 1:30:01]} Bg7 {[%clk 1:31:21]} 4. Ne2
{[%clk 1:29:48]} Nd7 {[%clk 1:31:38]} 5. f3 {[%clk 1:28:37]} c5 {[%clk 1:31:29]}
6. Nbc3 {[%clk 1:26:25]} Ngf6 {[%clk 1:29:32]} 7. Be3 {[%clk 1:23:50]} cxd4
{[%clk 1:29:35]} 8. Nxd4 {[%clk 1:23:52]} O-O {[%clk 1:28:16]} 9. Qd2
{[%clk 1:21:07]} Nb6 {[%clk 1:27:19]} 10. Be2 {[%clk 1:16:26]} Be6
{[%clk 1:27:17]} 11. Nd5 {[%clk 1:09:41]} Bxd5 {[%clk 1:25:54]} 12. cxd5
{[%clk 1:09:28]} Rc8 {[%clk 1:25:44]} 13. Rc1 {[%clk 1:06:33]} Nfd7
{[%clk 1:24:22]} 14. O-O {[%clk 1:05:48]} Ne5 {[%clk 1:16:53]} 15. b3
{[%clk 1:03:19]} Ned7 {[%clk 1:08:15]} 16. Bh6 {[%clk 0:52:47]} Nc5
{[%clk 1:04:31]} 17. b4 {[%clk 0:46:47]} Ncd7 {[%clk 1:04:05]} 18. Bxg7
{[%clk 0:47:02]} Kxg7 {[%clk 1:04:29]} 19. f4 {[%clk 0:47:23]} Nf6
{[%clk 1:03:55]} 20. Bd3 {[%clk 0:44:44]} Rxc1 {[%clk 1:01:34]} 21. Rxc1
{[%clk 0:44:57]} Nbd7 {[%clk 1:01:36]} 22. Re1 {[%clk 0:35:07]} Qb6
{[%clk 1:00:12]} 23. Bc4 {[%clk 0:28:29]} Nh5 {[%clk 0:31:14]} 24. g3
{[%clk 0:21:29]} Ne5 {[%clk 0:20:33]} 25. fxe5 {[%clk 0:18:39]} dxe5
{[%clk 0:20:57]} 26. Rd1 {[%clk 0:18:40]} Nf6 {[%clk 0:20:46]} 27. Kg2
{[%clk 0:16:21]} exd4 {[%clk 0:18:26]} 28. Qxd4 {[%clk 0:16:12]} Qxd4
{[%clk 0:15:09]} 29. Rxd4 {[%clk 0:16:34]} Ng4 {[%clk 0:15:27]} 30. Be2
{[%clk 0:11:46]} Ne5 {[%clk 0:15:21]} 31. Rd2 {[%clk 0:10:45]} Rc8
{[%clk 0:15:27]} 32. Kf2 {[%clk 0:09:13]} Rc3 {[%clk 0:14:10]} 33. Rb2
{[%clk 0:08:02]} f6 {[%clk 0:13:16]} 34. b5 {[%clk 0:06:41]} b6 {[%clk 0:12:55]}
35. Rd2 {[%clk 0:06:10]} Kf8 {[%clk 0:12:24]} 36. d6 {[%clk 0:04:48]} exd6
{[%clk 0:12:36]} 37. Rxd6 {[%clk 0:05:12]} Ke7 {[%clk 0:13:00]} 38. Rd2
{[%clk 0:05:20]} h5 {[%clk 0:11:48]} 39. h3 {[%clk 0:05:18]} Nd7 {[%clk 0:06:49]}
40. Bd3 {[%clk 0:31:58]} Nc5 {[%clk 0:36:30]} 41. Ke3 {[%clk 0:29:20]} Kd6
{[%clk 0:32:39]} 42. Kd4 {[%clk 0:26:42]} Rxd3+ {[%clk 0:30:18]} 43. Rxd3
{[%clk 0:26:59]} Nxd3 {[%clk 0:30:39]} 44. Kxd3 {[%clk 0:27:21]} Kc5
{[%clk 0:30:52]} 45. a4 {[%clk 0:24:31]} Kb4 {[%clk 0:26:26]} 46. g4
{[%clk 0:21:36]} hxg4 {[%clk 0:26:09]} 47. hxg4 {[%clk 0:21:59]} g5
{[%clk 0:26:29]} 48. e5 {[%clk 0:19:59]} fxe5 {[%clk 0:26:24]} 49. Ke4
{[%clk 0:20:21]} Kxa4 {[%clk 0:25:24]} 50. Kxe5 {[%clk 0:20:41]} Kxb5
{[%clk 0:25:44]} 51. Kf5 {[%clk 0:21:00]} a5 {[%clk 0:25:57]} 0-1

[Event "MP do lat 18 - dziewczeta"]
[Site "Sypniewo"]
[Date "2022.03.24"]
[Round "6.8"]
[White "Krzyzosiak, Marta"]
[Black "Matusik, Zuzanna"]
[Result "0-1"]
[BlackElo "1286"]
[WhiteElo "1698"]
[LiveChessVersion "1.4.8"]

1. e4 {[%clk 1:30:56]} e5 {[%clk 1:30:56]} 2. Nf3 {[%clk 1:31:18]} Nc6
{[%clk 1:31:19]} 3. Bb5 {[%clk 1:31:42]} Bc5 {[%clk 1:31:05]} 4. c3
{[%clk 1:31:54]} Nge7 {[%clk 1:28:35]} 5. d4 {[%clk 1:29:18]} exd4
{[%clk 1:28:54]} 6. cxd4 {[%clk 1:29:42]} Bb4+ {[%clk 1:29:19]} 7. Bd2
{[%clk 1:27:04]} Bxd2+ {[%clk 1:27:25]} 8. Nbxd2 {[%clk 1:27:23]} d5
{[%clk 1:27:12]} 9. exd5 {[%clk 1:26:46]} Qxd5 {[%clk 1:26:37]} 10. Bc4
{[%clk 1:25:13]} Qd8 {[%clk 1:26:05]} 11. Ng5 {[%clk 1:13:01]} O-O
{[%clk 1:26:28]} 12. Qh5 {[%clk 1:12:18]} Bf5 {[%clk 1:24:04]} 13. Bxf7+
{[%clk 0:57:42]} Kh8 {[%clk 1:24:27]} 14. O-O {[%clk 0:56:25]} Ng8
{[%clk 1:22:55]} 15. Ndf3 {[%clk 0:43:12]} Nh6 {[%clk 1:16:37]} 16. d5
{[%clk 0:32:12]} Ne7 {[%clk 1:05:57]} 17. Ne5 {[%clk 0:28:25]} Qd6
{[%clk 1:04:08]} 18. f4 {[%clk 0:20:04]} Nxd5 {[%clk 1:01:35]} 19. Bxd5
{[%clk 0:16:37]} Qxd5 {[%clk 1:01:55]} 20. Rad1 {[%clk 0:16:45]} Qxa2
{[%clk 0:59:33]} 21. g4 {[%clk 0:16:08]} Bc2 {[%clk 0:53:39]} 22. Rd7
{[%clk 0:13:33]} Qb3 {[%clk 0:51:26]} 23. Rf3 {[%clk 0:03:25]} Qb6+
{[%clk 0:47:33]} 24. Kg2 {[%clk 0:03:49]} Bg6 {[%clk 0:46:29]} 25. Nxg6+
{[%clk 0:04:06]} hxg6 {[%clk 0:46:55]} 26. Nf7+ {[%clk 0:03:08]} Rxf7
{[%clk 0:46:41]} 27. Qh3 {[%clk 0:03:26]} Rxd7 {[%clk 0:46:29]} 28. g5
{[%clk 0:03:53]} Rd2+ {[%clk 0:46:44]} 29. Kf1 {[%clk 0:03:56]} Re8
{[%clk 0:40:18]} 30. gxh6 {[%clk 0:04:13]} Qa6+ {[%clk 0:40:29]} 31. Kg1
{[%clk 0:04:25]} Re1+ {[%clk 0:40:12]} 32. Rf1 {[%clk 0:04:41]} Rxf1+
{[%clk 0:40:27]} 33. Qxf1 {[%clk 0:05:06]} Qxf1+ {[%clk 0:40:51]} 34. Kxf1
{[%clk 0:05:32]} gxh6 {[%clk 0:41:17]} 0-1

[Event "MP do lat 18 - dziewczeta"]
[Site "Sypniewo"]
[Date "2022.03.24"]
[Round "6.9"]
[White "Hertlein, Irena"]
[Black "Zniszczol, Wiktoria"]
[Result "1-0"]
[BlackElo "1613"]
[WhiteElo "1925"]
[LiveChessVersion "1.4.8"]

1. d4 {[%clk 1:30:58]} Nf6 {[%clk 1:29:20]} 2. c4 {[%clk 1:31:12]} c5
{[%clk 1:29:36]} 3. d5 {[%clk 1:31:30]} b5 {[%clk 1:29:59]} 4. cxb5
{[%clk 1:31:41]} a6 {[%clk 1:30:25]} 5. e3 {[%clk 1:31:58]} g6 {[%clk 1:30:08]}
6. Nc3 {[%clk 1:32:02]} d6 {[%clk 1:28:14]} 7. Nf3 {[%clk 1:29:45]} Bg7
{[%clk 1:26:18]} 8. a4 {[%clk 1:29:30]} O-O {[%clk 1:22:32]} 9. e4
{[%clk 1:29:38]} axb5 {[%clk 1:21:44]} 10. Bxb5 {[%clk 1:29:46]} Ba6
{[%clk 1:21:23]} 11. Qe2 {[%clk 1:19:32]} Bxb5 {[%clk 1:17:00]} 12. Nxb5
{[%clk 1:19:07]} Ne8 {[%clk 1:10:37]} 13. O-O {[%clk 1:15:58]} Nc7
{[%clk 1:10:29]} 14. Nc3 {[%clk 0:56:55]} Nd7 {[%clk 1:03:56]} 15. Bg5
{[%clk 0:51:50]} Ne5 {[%clk 1:02:23]} 16. Nd2 {[%clk 0:41:14]} h6
{[%clk 0:58:41]} 17. Bh4 {[%clk 0:41:23]} g5 {[%clk 0:58:45]} 18. Bg3
{[%clk 0:41:52]} Qb8 {[%clk 0:53:31]} 19. Ra2 {[%clk 0:35:09]} Na6
{[%clk 0:47:19]} 20. Bxe5 {[%clk 0:30:57]} Bxe5 {[%clk 0:47:17]} 21. Nc4
{[%clk 0:30:52]} Bg7 {[%clk 0:44:26]} 22. f4 {[%clk 0:21:19]} Bd4+
{[%clk 0:33:14]} 23. Kh1 {[%clk 0:21:44]} Nc7 {[%clk 0:27:58]} 24. fxg5
{[%clk 0:18:26]} hxg5 {[%clk 0:27:12]} 25. Qh5 {[%clk 0:13:23]} Bf6
{[%clk 0:26:22]} 26. Nxd6 {[%clk 0:12:03]} Nxd5 {[%clk 0:24:55]} 27. Nxd5
{[%clk 0:01:16]} Qxd6 {[%clk 0:25:02]} 28. Rxf6 {[%clk 0:00:33]} exf6
{[%clk 0:25:08]} 29. Qh6 {[%clk 0:00:59]} Ra6 {[%clk 0:25:23]} 30. Ra3
{[%clk 0:01:24]} g4 {[%clk 0:19:35]} 31. Qh4 {[%clk 0:00:48]} Qe6
{[%clk 0:17:15]} 32. Rg3 {[%clk 0:00:58]} f5 {[%clk 0:17:34]} 33. Ne7+
{[%clk 0:01:19]} 1-0

[Event "MP do lat 18 - dziewczeta"]
[Site "Sypniewo"]
[Date "2022.03.24"]
[Round "6.10"]
[White "Wawrzyniak, Weronika"]
[Black "Nowak, Roksana"]
[Result "0-1"]
[BlackElo "1669"]
[WhiteElo "1493"]
[LiveChessVersion "1.4.8"]

1. d4 {[%clk 1:30:46]} Nf6 {[%clk 1:30:54]} 2. Nc3 {[%clk 1:30:57]} b6
{[%clk 1:29:33]} 3. e4 {[%clk 1:29:44]} Bb7 {[%clk 1:29:36]} 4. f3
{[%clk 1:21:32]} g6 {[%clk 1:24:03]} 5. Be3 {[%clk 1:20:13]} Bg7 {[%clk 1:24:16]}
6. Qd2 {[%clk 1:18:49]} d6 {[%clk 1:22:39]} 7. g4 {[%clk 1:14:41]} e6
{[%clk 1:19:05]} 8. Nge2 {[%clk 1:09:53]} Nbd7 {[%clk 1:18:08]} 9. g5
{[%clk 1:09:12]} Ng8 {[%clk 1:16:05]} 10. Ng3 {[%clk 1:02:30]} h5
{[%clk 1:11:32]} 11. h4 {[%clk 0:59:56]} a6 {[%clk 1:02:48]} 12. O-O-O
{[%clk 0:50:42]} Qe7 {[%clk 1:01:38]} 13. Bd3 {[%clk 0:46:48]} O-O-O
{[%clk 1:00:18]} 14. Qe2 {[%clk 0:43:29]} Nb8 {[%clk 0:58:04]} 15. Rhf1
{[%clk 0:39:45]} c5 {[%clk 0:48:41]} 16. Qf2 {[%clk 0:32:09]} Nc6
{[%clk 0:45:46]} 17. Nce2 {[%clk 0:29:16]} Qe8 {[%clk 0:38:52]} 18. f4 f5
{[%clk 0:36:47]} 19. e5 {[%clk 0:25:32]} Na5 {[%clk 0:34:45]} 20. dxc5
{[%clk 0:22:24]} dxc5 {[%clk 0:31:21]} 21. Nc3 {[%clk 0:22:29]} Nc6
{[%clk 0:29:39]} 22. Be2 {[%clk 0:21:37]} Nb4 {[%clk 0:24:22]} 23. Rxd8+
{[%clk 0:20:55]} Kxd8 {[%clk 0:24:25]} 24. Rd1+ {[%clk 0:21:10]} Kc7
{[%clk 0:24:54]} 25. a3 {[%clk 0:20:45]} Nd5 {[%clk 0:25:00]} 26. Bd2
{[%clk 0:18:53]} Nge7 {[%clk 0:24:42]} 27. Bf3 {[%clk 0:17:56]} Nxc3
{[%clk 0:21:05]} 28. Bxc3 {[%clk 0:18:24]} Nd5 {[%clk 0:21:17]} 29. Bd2
{[%clk 0:18:28]} Qa4 {[%clk 0:21:19]} 30. Ne2 {[%clk 0:16:58]} Rd8
{[%clk 0:20:36]} 31. Bxd5 {[%clk 0:14:22]} exd5 {[%clk 0:20:32]} 32. Qe3
{[%clk 0:13:39]} Qc6 {[%clk 0:18:28]} 33. b4 {[%clk 0:10:23]} d4 {[%clk 0:18:08]}
34. Qf2 {[%clk 0:10:41]} Qa4 {[%clk 0:17:42]} 35. Kb2 {[%clk 0:06:53]} d3
{[%clk 0:15:57]} 36. Nc3 {[%clk 0:07:18]} Qxc2+ {[%clk 0:14:49]} 37. Ka1
{[%clk 0:07:39]} Qb3 {[%clk 0:14:09]} 38. Rb1 {[%clk 0:06:30]} Qxa3+
{[%clk 0:14:04]} 39. Na2 {[%clk 0:06:56]} Bd5 {[%clk 0:12:32]} 40. Rb2
{[%clk 0:37:09]} Bf8 {[%clk 0:37:25]} 41. Qe1 {[%clk 0:26:55]} cxb4
{[%clk 0:27:52]} 42. Kb1 {[%clk 0:23:05]} a5 {[%clk 0:24:55]} 43. Be3
{[%clk 0:17:48]} Bb3 {[%clk 0:19:33]} 44. Qf2 {[%clk 0:14:57]} Bxa2+
{[%clk 0:16:23]} 45. Rxa2 {[%clk 0:15:15]} Qb3+ {[%clk 0:16:48]} 46. Rb2
{[%clk 0:15:22]} Qd1+ {[%clk 0:16:59]} 47. Ka2 {[%clk 0:15:16]} b3+
{[%clk 0:15:35]} 48. Rxb3 {[%clk 0:15:36]} Qe2+ {[%clk 0:15:11]} 49. Rb2
{[%clk 0:15:24]} Qxf2 {[%clk 0:15:30]} 50. Rxf2 {[%clk 0:15:23]} Bc5
{[%clk 0:15:21]} 51. Bxc5 {[%clk 0:14:56]} bxc5 {[%clk 0:15:39]} 52. Rd2
{[%clk 0:15:19]} c4 {[%clk 0:15:56]} 53. Kb2 {[%clk 0:15:42]} Kc6
{[%clk 0:16:12]} 54. Kc3 {[%clk 0:15:45]} Kc5 {[%clk 0:16:28]} 55. Ra2
{[%clk 0:13:34]} a4 {[%clk 0:12:58]} 56. Kd2 {[%clk 0:10:16]} Rb8
{[%clk 0:11:01]} 57. Rxa4 {[%clk 0:08:51]} Rb2+ {[%clk 0:11:24]} 58. Kc1
{[%clk 0:08:49]} c3 {[%clk 0:11:43]} 59. Ra1 {[%clk 0:08:09]} Rh2
{[%clk 0:11:54]} 60. Ra5+ {[%clk 0:08:04]} Kb6 {[%clk 0:12:03]} 61. Rd5
{[%clk 0:08:20]} Rh1# {[%clk 0:12:20]} 0-1

[Event "MP do lat 18 - dziewczeta"]
[Site "Sypniewo"]
[Date "2022.03.24"]
[Round "6.11"]
[White "Bienko, Jagoda"]
[Black "Lochina, Justyna"]
[Result "0-1"]
[BlackElo "1646"]
[WhiteElo "1551"]
[LiveChessVersion "1.4.8"]

1. c4 {[%clk 1:30:38]} Nf6 {[%clk 1:30:32]} 2. Nc3 {[%clk 1:31:00]} e6
{[%clk 1:30:29]} 3. e4 {[%clk 1:31:24]} d5 {[%clk 1:30:13]} 4. e5
{[%clk 1:31:46]} d4 {[%clk 1:29:13]} 5. exf6 {[%clk 1:32:04]} dxc3
{[%clk 1:29:22]} 6. bxc3 {[%clk 1:32:27]} Qxf6 {[%clk 1:29:03]} 7. d4
{[%clk 1:32:40]} b6 {[%clk 1:27:34]} 8. Be2 {[%clk 1:25:19]} Bb7 {[%clk 1:26:23]}
9. Nf3 {[%clk 1:20:56]} Bd6 {[%clk 1:20:37]} 10. Bg5 {[%clk 1:16:36]} Qf5
{[%clk 1:18:42]} 11. O-O {[%clk 1:12:06]} h6 {[%clk 1:07:19]} 12. Be3
{[%clk 1:11:05]} O-O {[%clk 1:03:19]} 13. Rb1 {[%clk 1:09:20]} Nd7
{[%clk 0:44:43]} 14. Rb5 {[%clk 0:53:07]} Qf6 {[%clk 0:36:20]} 15. Rh5
{[%clk 0:49:31]} Be4 {[%clk 0:31:07]} 16. Nd2 {[%clk 0:45:24]} Bg6
{[%clk 0:27:35]} 17. Rh3 {[%clk 0:44:59]} e5 {[%clk 0:20:33]} 18. g4
{[%clk 0:26:17]} exd4 {[%clk 0:15:52]} 19. cxd4 {[%clk 0:24:42]} Qe7
{[%clk 0:10:34]} 20. f4 {[%clk 0:18:40]} f5 {[%clk 0:10:05]} 21. Rf2
{[%clk 0:16:24]} fxg4 {[%clk 0:06:11]} 22. Bxg4 {[%clk 0:16:50]} Nf6
{[%clk 0:06:07]} 23. f5 {[%clk 0:15:48]} Bh7 {[%clk 0:04:45]} 24. Rg2
{[%clk 0:13:07]} Nxg4 {[%clk 0:04:13]} 25. Rxg4 {[%clk 0:08:34]} Bxf5
{[%clk 0:04:17]} 26. c5 {[%clk 0:07:39]} Bxg4 {[%clk 0:00:50]} 27. Qxg4
{[%clk 0:07:42]} bxc5 {[%clk 0:01:06]} 28. dxc5 {[%clk 0:07:50]} Be5
{[%clk 0:00:50]} 29. Rxh6 {[%clk 0:07:17]} Bxh2+ {[%clk 0:00:47]} 30. Kxh2
{[%clk 0:07:09]} Qxe3 {[%clk 0:01:06]} 31. Re6 {[%clk 0:04:57]} Qxd2+
{[%clk 0:00:37]} 32. Re2 {[%clk 0:05:10]} Qf4+ {[%clk 0:00:58]} 0-1

[Event "MP do lat 18 - dziewczeta"]
[Site "Sypniewo"]
[Date "2022.03.24"]
[Round "6.12"]
[White "Siekanska, Zuzanna"]
[Black "Matyjasek, Michalina"]
[Result "1-0"]
[BlackElo "1435"]
[WhiteElo "1756"]
[LiveChessVersion "1.4.8"]

1. d4 {[%clk 1:28:59]} Nf6 {[%clk 1:30:53]} 2. c4 {[%clk 1:29:13]} e6
{[%clk 1:31:18]} 3. Nf3 {[%clk 1:29:34]} d5 {[%clk 1:31:40]} 4. Nc3
{[%clk 1:29:27]} Be7 {[%clk 1:31:23]} 5. cxd5 {[%clk 1:29:43]} exd5
{[%clk 1:31:27]} 6. Bg5 {[%clk 1:28:56]} c6 {[%clk 1:30:44]} 7. e3
{[%clk 1:29:16]} O-O {[%clk 1:31:03]} 8. Bd3 {[%clk 1:29:28]} h6 {[%clk 1:30:13]}
9. Bf4 {[%clk 1:29:31]} Bd6 {[%clk 1:26:09]} 10. Ne5 {[%clk 1:27:50]} Re8
{[%clk 1:20:14]} 11. h3 {[%clk 1:27:04]} Nbd7 {[%clk 1:16:13]} 12. Nxf7
{[%clk 1:25:56]} Kxf7 {[%clk 1:14:53]} 13. Bxd6 {[%clk 1:26:17]} Ne4
{[%clk 1:05:48]} 14. Nxe4 {[%clk 1:14:54]} dxe4 {[%clk 0:54:05]} 15. Qh5+
{[%clk 1:09:17]} Kg8 {[%clk 0:51:22]} 16. Bc4+ {[%clk 1:09:05]} Kh8
{[%clk 0:51:36]} 17. Bb4 {[%clk 0:55:15]} Nf6 {[%clk 0:45:56]} 18. Qg6
{[%clk 0:54:40]} Be6 {[%clk 0:43:09]} 19. Bxe6 {[%clk 0:48:19]} Rxe6
{[%clk 0:43:34]} 20. O-O {[%clk 0:46:23]} Qe8 {[%clk 0:35:32]} 21. Qxe8+
{[%clk 0:45:01]} Raxe8 {[%clk 0:33:47]} 22. Rac1 {[%clk 0:45:01]} Nd5
{[%clk 0:31:03]} 23. Bc5 {[%clk 0:42:52]} a6 {[%clk 0:26:31]} 24. a4
{[%clk 0:40:26]} g5 {[%clk 0:22:15]} 25. Ba3 {[%clk 0:38:30]} h5 {[%clk 0:19:39]}
26. Rc5 {[%clk 0:33:12]} Rg6 {[%clk 0:17:51]} 27. g3 {[%clk 0:27:22]} Reg8
{[%clk 0:14:22]} 28. b4 {[%clk 0:26:13]} Nb6 {[%clk 0:13:32]} 29. Re5
{[%clk 0:26:12]} Nc4 {[%clk 0:13:48]} 30. Rc5 {[%clk 0:22:02]} Nb6
{[%clk 0:11:24]} 31. Rfc1 {[%clk 0:17:52]} Nxa4 {[%clk 0:07:08]} 32. Re5
{[%clk 0:17:58]} b5 {[%clk 0:06:23]} 33. Rxe4 {[%clk 0:18:08]} Nb6
{[%clk 0:06:49]} 34. Re7 {[%clk 0:15:43]} Nc4 {[%clk 0:07:00]} 35. Ra1
{[%clk 0:15:43]} Ra8 {[%clk 0:07:10]} 36. Bc1 {[%clk 0:15:07]} Rd6
{[%clk 0:05:05]} 37. Ra2 {[%clk 0:12:18]} a5 {[%clk 0:04:12]} 38. bxa5
{[%clk 0:12:25]} Rxa5 {[%clk 0:04:37]} 39. Rxa5 {[%clk 0:12:36]} Nxa5
{[%clk 0:05:06]} 40. Ba3 {[%clk 0:41:44]} Rg6 {[%clk 0:31:25]} 41. e4
{[%clk 0:40:28]} Nc4 {[%clk 0:24:21]} 42. Bc5 {[%clk 0:40:10]} Kg8
{[%clk 0:19:33]} 43. d5 {[%clk 0:38:02]} cxd5 {[%clk 0:16:16]} 44. exd5
{[%clk 0:38:23]} Rf6 {[%clk 0:16:17]} 45. Rb7 {[%clk 0:32:57]} Nd6
{[%clk 0:13:28]} 46. Bxd6 {[%clk 0:33:08]} Rxd6 {[%clk 0:13:54]} 47. Rxb5
{[%clk 0:33:32]} Kf7 {[%clk 0:14:16]} 48. Kg2 {[%clk 0:33:15]} Kf6
{[%clk 0:10:27]} 49. Kf3 {[%clk 0:32:28]} Ke5 {[%clk 0:10:18]} 50. Ke3
{[%clk 0:31:35]} Rf6 {[%clk 0:06:45]} 51. d6+ {[%clk 0:31:01]} Kxd6
{[%clk 0:07:11]} 52. Rxg5 {[%clk 0:31:26]} Rh6 {[%clk 0:06:46]} 53. f4
{[%clk 0:31:19]} Ke6 {[%clk 0:05:42]} 54. Ke4 {[%clk 0:30:58]} Kf6
{[%clk 0:05:35]} 55. Ra5 {[%clk 0:31:13]} Ke7 {[%clk 0:05:18]} 56. Ra7+
{[%clk 0:31:05]} Kf8 {[%clk 0:05:35]} 57. Kf5 {[%clk 0:31:20]} Rc6
{[%clk 0:05:42]} 58. Rh7 {[%clk 0:30:22]} Rc3 {[%clk 0:05:24]} 59. g4
{[%clk 0:30:18]} hxg4 {[%clk 0:05:29]} 60. hxg4 {[%clk 0:30:37]} Rc6
{[%clk 0:04:53]} 61. Kg5 {[%clk 0:29:21]} Kg8 {[%clk 0:04:52]} 62. Ra7
{[%clk 0:29:41]} Rb6 {[%clk 0:04:38]} 63. f5 {[%clk 0:29:52]} Kf8
{[%clk 0:04:24]} 64. f6 {[%clk 0:30:08]} Ke8 {[%clk 0:04:11]} 65. Kg6
{[%clk 0:30:22]} Kd8 {[%clk 0:03:02]} 66. Kg7 {[%clk 0:30:37]} Rb4
{[%clk 0:03:16]} 67. g5 {[%clk 0:30:33]} Rf4 {[%clk 0:03:17]} 68. f7
{[%clk 0:30:45]} 1-0